<?xml version="1.0" encoding="UTF-8"?>
<record
    xmlns:xsi="http://www.w3.org/2001/XMLSchema-instance"
    xsi:schemaLocation="http://www.loc.gov/MARC21/slim http://www.loc.gov/standards/marcxml/schema/MARC21slim.xsd"
    xmlns="http://www.loc.gov/MARC21/slim">

  <leader>00879    a2200229   4500</leader>
  <controlfield tag="005">20250731124259.0</controlfield>
  <controlfield tag="008">241023b        |||||||| |||| 00| 0 eng d</controlfield>
  <datafield tag="020" ind1=" " ind2=" ">
    <subfield code="a">9789787928912</subfield>
  </datafield>
  <datafield tag="040" ind1=" " ind2=" ">
    <subfield code="a">NLN</subfield>
    <subfield code="b">English</subfield>
    <subfield code="e">AACR2</subfield>
  </datafield>
  <datafield tag="050" ind1=" " ind2=" ">
    <subfield code="a">DT515.83.D234</subfield>
    <subfield code="b">A3</subfield>
  </datafield>
  <datafield tag="082" ind1=" " ind2=" ">
    <subfield code="a">923.2669</subfield>
  </datafield>
  <datafield tag="100" ind1=" " ind2=" ">
    <subfield code="a">DATTIJO, Muhammad S.</subfield>
    <subfield code="e">aut</subfield>
    <subfield code="9">66999</subfield>
  </datafield>
  <datafield tag="245" ind1=" " ind2=" ">
    <subfield code="a">Disruption : </subfield>
    <subfield code="b">rethinking governance to work for the poor /</subfield>
    <subfield code="c">Mohammad Sanni Abdullahi Dattijo</subfield>
  </datafield>
  <datafield tag="260" ind1=" " ind2=" ">
    <subfield code="a">Kaduna, Kaduna state (21 Isa Hassan Road, unguwan Dasa) :</subfield>
    <subfield code="b">Almara Publishers,</subfield>
    <subfield code="c">2023</subfield>
  </datafield>
  <datafield tag="300" ind1=" " ind2=" ">
    <subfield code="a">xxvii, 261p. ;</subfield>
    <subfield code="b">24cm</subfield>
  </datafield>
  <datafield tag="563" ind1=" " ind2=" ">
    <subfield code="a">Bibliography : P. 255-261</subfield>
  </datafield>
  <datafield tag="650" ind1=" " ind2=" ">
    <subfield code="a">Dattijo, Mohggammad Sanni Abdullahi</subfield>
    <subfield code="9">67000</subfield>
  </datafield>
  <datafield tag="650" ind1=" " ind2=" ">
    <subfield code="a">Economicsts</subfield>
    <subfield code="v">Nigeria</subfield>
    <subfield code="x">Biography</subfield>
    <subfield code="9">67001</subfield>
  </datafield>
  <datafield tag="650" ind1=" " ind2=" ">
    <subfield code="a">Sustainable development</subfield>
    <subfield code="v">Kaduana state (Nigeria)</subfield>
    <subfield code="9">67002</subfield>
  </datafield>
  <datafield tag="650" ind1=" " ind2=" ">
    <subfield code="a">Kaduna state (Nigeria)</subfield>
    <subfield code="v">Politics and government</subfield>
    <subfield code="9">67003</subfield>
  </datafield>
  <datafield tag="942" ind1=" " ind2=" ">
    <subfield code="c">BK</subfield>
    <subfield code="n">0</subfield>
  </datafield>
  <datafield tag="999" ind1=" " ind2=" ">
    <subfield code="c">31253</subfield>
    <subfield code="d">31253</subfield>
  </datafield>
  <datafield tag="952" ind1=" " ind2=" ">
    <subfield code="0">0</subfield>
    <subfield code="1">0</subfield>
    <subfield code="2">lcc</subfield>
    <subfield code="4">0</subfield>
    <subfield code="7">0</subfield>
    <subfield code="a">ABJ</subfield>
    <subfield code="b">MAIN</subfield>
    <subfield code="d">2025-07-31</subfield>
    <subfield code="i">5106605</subfield>
    <subfield code="l">0</subfield>
    <subfield code="o">DT515.83.D234 A3</subfield>
    <subfield code="p">5106605</subfield>
    <subfield code="r">2025-07-31 12:45:20</subfield>
    <subfield code="w">2025-07-31</subfield>
    <subfield code="y">BK</subfield>
  </datafield>
  <datafield tag="952" ind1=" " ind2=" ">
    <subfield code="0">0</subfield>
    <subfield code="1">0</subfield>
    <subfield code="2">lcc</subfield>
    <subfield code="4">0</subfield>
    <subfield code="7">0</subfield>
    <subfield code="a">ABAK</subfield>
    <subfield code="b">MAIN</subfield>
    <subfield code="d">2025-07-31</subfield>
    <subfield code="i">5106610</subfield>
    <subfield code="l">0</subfield>
    <subfield code="o">DT515.83.D234 A3</subfield>
    <subfield code="p">5106610</subfield>
    <subfield code="r">2025-07-31 13:10:53</subfield>
    <subfield code="w">2025-07-31</subfield>
    <subfield code="y">BK</subfield>
  </datafield>
  <datafield tag="952" ind1=" " ind2=" ">
    <subfield code="0">0</subfield>
    <subfield code="1">0</subfield>
    <subfield code="2">lcc</subfield>
    <subfield code="4">0</subfield>
    <subfield code="7">0</subfield>
    <subfield code="a">ABE</subfield>
    <subfield code="b">MAIN</subfield>
    <subfield code="d">2025-07-31</subfield>
    <subfield code="i">5106617</subfield>
    <subfield code="l">0</subfield>
    <subfield code="o">DT515.83.D234 A3</subfield>
    <subfield code="p">5106617</subfield>
    <subfield code="r">2025-07-31 13:29:15</subfield>
    <subfield code="w">2025-07-31</subfield>
    <subfield code="y">BK</subfield>
  </datafield>
  <datafield tag="952" ind1=" " ind2=" ">
    <subfield code="0">0</subfield>
    <subfield code="1">0</subfield>
    <subfield code="2">lcc</subfield>
    <subfield code="4">0</subfield>
    <subfield code="7">0</subfield>
    <subfield code="a">AKU</subfield>
    <subfield code="b">MAIN</subfield>
    <subfield code="d">2025-07-31</subfield>
    <subfield code="i">5106612</subfield>
    <subfield code="l">0</subfield>
    <subfield code="o">DT515.83.D234 A3</subfield>
    <subfield code="p">5106612</subfield>
    <subfield code="r">2025-07-31 13:30:10</subfield>
    <subfield code="w">2025-07-31</subfield>
    <subfield code="y">BK</subfield>
  </datafield>
  <datafield tag="952" ind1=" " ind2=" ">
    <subfield code="0">0</subfield>
    <subfield code="1">0</subfield>
    <subfield code="2">lcc</subfield>
    <subfield code="4">0</subfield>
    <subfield code="7">0</subfield>
    <subfield code="a">BAU</subfield>
    <subfield code="b">MAIN</subfield>
    <subfield code="d">2025-07-31</subfield>
    <subfield code="i">5106619</subfield>
    <subfield code="l">0</subfield>
    <subfield code="o">DT515.83.D234 A3</subfield>
    <subfield code="p">5106619</subfield>
    <subfield code="r">2025-07-31 13:30:52</subfield>
    <subfield code="w">2025-07-31</subfield>
    <subfield code="y">BK</subfield>
  </datafield>
  <datafield tag="952" ind1=" " ind2=" ">
    <subfield code="0">0</subfield>
    <subfield code="1">0</subfield>
    <subfield code="2">lcc</subfield>
    <subfield code="4">0</subfield>
    <subfield code="7">0</subfield>
    <subfield code="a">AWK</subfield>
    <subfield code="b">MAIN</subfield>
    <subfield code="d">2025-07-31</subfield>
    <subfield code="i">5106627</subfield>
    <subfield code="l">0</subfield>
    <subfield code="o">DT515.83.D234 A3</subfield>
    <subfield code="p">5106627</subfield>
    <subfield code="r">2025-07-31 13:31:59</subfield>
    <subfield code="w">2025-07-31</subfield>
    <subfield code="y">BK</subfield>
  </datafield>
  <datafield tag="952" ind1=" " ind2=" ">
    <subfield code="0">0</subfield>
    <subfield code="1">0</subfield>
    <subfield code="2">lcc</subfield>
    <subfield code="4">0</subfield>
    <subfield code="7">0</subfield>
    <subfield code="a">EDO</subfield>
    <subfield code="b">MAIN</subfield>
    <subfield code="d">2025-07-31</subfield>
    <subfield code="i">5106607</subfield>
    <subfield code="l">0</subfield>
    <subfield code="o">DT515.83.D234 A3</subfield>
    <subfield code="p">5106607</subfield>
    <subfield code="r">2025-07-31 13:34:22</subfield>
    <subfield code="w">2025-07-31</subfield>
    <subfield code="y">BK</subfield>
  </datafield>
  <datafield tag="952" ind1=" " ind2=" ">
    <subfield code="0">0</subfield>
    <subfield code="1">0</subfield>
    <subfield code="2">lcc</subfield>
    <subfield code="4">0</subfield>
    <subfield code="7">0</subfield>
    <subfield code="a">ASA</subfield>
    <subfield code="b">MAIN</subfield>
    <subfield code="d">2025-07-31</subfield>
    <subfield code="i">5106634</subfield>
    <subfield code="l">0</subfield>
    <subfield code="o">DT515.83.D234 A3</subfield>
    <subfield code="p">5106634</subfield>
    <subfield code="r">2025-07-31 13:37:27</subfield>
    <subfield code="w">2025-07-31</subfield>
    <subfield code="y">BK</subfield>
  </datafield>
  <datafield tag="952" ind1=" " ind2=" ">
    <subfield code="0">0</subfield>
    <subfield code="1">0</subfield>
    <subfield code="2">lcc</subfield>
    <subfield code="4">0</subfield>
    <subfield code="7">0</subfield>
    <subfield code="a">CAL</subfield>
    <subfield code="b">MAIN</subfield>
    <subfield code="d">2025-07-31</subfield>
    <subfield code="i">5106629</subfield>
    <subfield code="l">0</subfield>
    <subfield code="o">DT515.83.D234 A3</subfield>
    <subfield code="p">5106629</subfield>
    <subfield code="r">2025-07-31 13:39:11</subfield>
    <subfield code="w">2025-07-31</subfield>
    <subfield code="y">BK</subfield>
  </datafield>
  <datafield tag="952" ind1=" " ind2=" ">
    <subfield code="0">0</subfield>
    <subfield code="1">0</subfield>
    <subfield code="2">lcc</subfield>
    <subfield code="4">0</subfield>
    <subfield code="7">0</subfield>
    <subfield code="a">DAM</subfield>
    <subfield code="b">MAIN</subfield>
    <subfield code="d">2025-07-31</subfield>
    <subfield code="i">5106657</subfield>
    <subfield code="l">0</subfield>
    <subfield code="o">DT515.83.D234 A3</subfield>
    <subfield code="p">5106657</subfield>
    <subfield code="r">2025-07-31 13:40:21</subfield>
    <subfield code="w">2025-07-31</subfield>
    <subfield code="y">BK</subfield>
  </datafield>
  <datafield tag="952" ind1=" " ind2=" ">
    <subfield code="0">0</subfield>
    <subfield code="1">0</subfield>
    <subfield code="2">lcc</subfield>
    <subfield code="4">0</subfield>
    <subfield code="7">0</subfield>
    <subfield code="a">DUT</subfield>
    <subfield code="b">MAIN</subfield>
    <subfield code="d">2025-07-31</subfield>
    <subfield code="i">5106611</subfield>
    <subfield code="l">0</subfield>
    <subfield code="o">DT515.83.D234 A3</subfield>
    <subfield code="p">5106611</subfield>
    <subfield code="r">2025-07-31 13:41:26</subfield>
    <subfield code="w">2025-07-31</subfield>
    <subfield code="y">BK</subfield>
  </datafield>
  <datafield tag="952" ind1=" " ind2=" ">
    <subfield code="0">0</subfield>
    <subfield code="1">0</subfield>
    <subfield code="2">lcc</subfield>
    <subfield code="4">0</subfield>
    <subfield code="7">0</subfield>
    <subfield code="a">UMU</subfield>
    <subfield code="b">MAIN</subfield>
    <subfield code="d">2025-07-31</subfield>
    <subfield code="i">5106631</subfield>
    <subfield code="l">0</subfield>
    <subfield code="o">DT515.83.D234 A3</subfield>
    <subfield code="p">5106631</subfield>
    <subfield code="r">2025-07-31 13:42:44</subfield>
    <subfield code="w">2025-07-31</subfield>
    <subfield code="y">BK</subfield>
  </datafield>
  <datafield tag="952" ind1=" " ind2=" ">
    <subfield code="0">0</subfield>
    <subfield code="1">0</subfield>
    <subfield code="2">lcc</subfield>
    <subfield code="4">0</subfield>
    <subfield code="7">0</subfield>
    <subfield code="a">YOL</subfield>
    <subfield code="b">MAIN</subfield>
    <subfield code="d">2025-07-31</subfield>
    <subfield code="i">5106640</subfield>
    <subfield code="l">0</subfield>
    <subfield code="o">DT515.83.D234 A3</subfield>
    <subfield code="p">5106640</subfield>
    <subfield code="r">2025-07-31 13:43:11</subfield>
    <subfield code="w">2025-07-31</subfield>
    <subfield code="y">BK</subfield>
  </datafield>
  <datafield tag="952" ind1=" " ind2=" ">
    <subfield code="0">0</subfield>
    <subfield code="1">0</subfield>
    <subfield code="2">lcc</subfield>
    <subfield code="4">0</subfield>
    <subfield code="7">0</subfield>
    <subfield code="a">EKI</subfield>
    <subfield code="b">MAIN</subfield>
    <subfield code="d">2025-07-31</subfield>
    <subfield code="i">5106613</subfield>
    <subfield code="l">0</subfield>
    <subfield code="o">DT515.83.D234 A3</subfield>
    <subfield code="p">5106613</subfield>
    <subfield code="r">2025-07-31 13:44:06</subfield>
    <subfield code="w">2025-07-31</subfield>
    <subfield code="y">BK</subfield>
  </datafield>
  <datafield tag="952" ind1=" " ind2=" ">
    <subfield code="0">0</subfield>
    <subfield code="1">0</subfield>
    <subfield code="2">lcc</subfield>
    <subfield code="4">0</subfield>
    <subfield code="7">0</subfield>
    <subfield code="a">ENU</subfield>
    <subfield code="b">MAIN</subfield>
    <subfield code="d">2025-07-31</subfield>
    <subfield code="i">5106622</subfield>
    <subfield code="l">0</subfield>
    <subfield code="o">DT515.83.D234 A3</subfield>
    <subfield code="p">5106622</subfield>
    <subfield code="r">2025-07-31 13:45:03</subfield>
    <subfield code="w">2025-07-31</subfield>
    <subfield code="y">BK</subfield>
  </datafield>
  <datafield tag="952" ind1=" " ind2=" ">
    <subfield code="0">0</subfield>
    <subfield code="1">0</subfield>
    <subfield code="2">lcc</subfield>
    <subfield code="4">0</subfield>
    <subfield code="7">0</subfield>
    <subfield code="a">GOM</subfield>
    <subfield code="b">MAIN</subfield>
    <subfield code="d">2025-07-31</subfield>
    <subfield code="i">5106615</subfield>
    <subfield code="l">0</subfield>
    <subfield code="o">DT515.83.D234 A3</subfield>
    <subfield code="p">5106615</subfield>
    <subfield code="r">2025-07-31 13:46:17</subfield>
    <subfield code="w">2025-07-31</subfield>
    <subfield code="y">BK</subfield>
  </datafield>
  <datafield tag="952" ind1=" " ind2=" ">
    <subfield code="0">0</subfield>
    <subfield code="1">0</subfield>
    <subfield code="2">lcc</subfield>
    <subfield code="4">0</subfield>
    <subfield code="7">0</subfield>
    <subfield code="a">GUS</subfield>
    <subfield code="b">MAIN</subfield>
    <subfield code="d">2025-07-31</subfield>
    <subfield code="i">5106637</subfield>
    <subfield code="l">0</subfield>
    <subfield code="o">DT515.83.D234 A3</subfield>
    <subfield code="p">5106637</subfield>
    <subfield code="r">2025-07-31 13:47:47</subfield>
    <subfield code="w">2025-07-31</subfield>
    <subfield code="y">BK</subfield>
  </datafield>
  <datafield tag="952" ind1=" " ind2=" ">
    <subfield code="0">0</subfield>
    <subfield code="1">0</subfield>
    <subfield code="2">lcc</subfield>
    <subfield code="4">0</subfield>
    <subfield code="7">0</subfield>
    <subfield code="a">IBA</subfield>
    <subfield code="b">MAIN</subfield>
    <subfield code="d">2025-07-31</subfield>
    <subfield code="i">5106624</subfield>
    <subfield code="l">0</subfield>
    <subfield code="o">DT515.83.D234 A3</subfield>
    <subfield code="p">5106624</subfield>
    <subfield code="r">2025-07-31 13:48:44</subfield>
    <subfield code="w">2025-07-31</subfield>
    <subfield code="y">BK</subfield>
  </datafield>
  <datafield tag="952" ind1=" " ind2=" ">
    <subfield code="0">0</subfield>
    <subfield code="1">0</subfield>
    <subfield code="2">lcc</subfield>
    <subfield code="4">0</subfield>
    <subfield code="7">0</subfield>
    <subfield code="a">ILO</subfield>
    <subfield code="b">MAIN</subfield>
    <subfield code="d">2025-07-31</subfield>
    <subfield code="i">5106614</subfield>
    <subfield code="l">0</subfield>
    <subfield code="o">DT515.83.D234 A3</subfield>
    <subfield code="p">5106614</subfield>
    <subfield code="r">2025-07-31 13:49:49</subfield>
    <subfield code="w">2025-07-31</subfield>
    <subfield code="y">BK</subfield>
  </datafield>
  <datafield tag="952" ind1=" " ind2=" ">
    <subfield code="0">0</subfield>
    <subfield code="1">0</subfield>
    <subfield code="2">lcc</subfield>
    <subfield code="4">0</subfield>
    <subfield code="7">0</subfield>
    <subfield code="a">JAL</subfield>
    <subfield code="b">MAIN</subfield>
    <subfield code="d">2025-07-31</subfield>
    <subfield code="i">5106620</subfield>
    <subfield code="l">0</subfield>
    <subfield code="o">DT515.83.D234 A3</subfield>
    <subfield code="p">5106620</subfield>
    <subfield code="r">2025-07-31 13:50:25</subfield>
    <subfield code="w">2025-07-31</subfield>
    <subfield code="y">BK</subfield>
  </datafield>
  <datafield tag="952" ind1=" " ind2=" ">
    <subfield code="0">0</subfield>
    <subfield code="1">0</subfield>
    <subfield code="2">lcc</subfield>
    <subfield code="4">0</subfield>
    <subfield code="7">0</subfield>
    <subfield code="a">JOS</subfield>
    <subfield code="b">MAIN</subfield>
    <subfield code="d">2025-07-31</subfield>
    <subfield code="i">5106628</subfield>
    <subfield code="l">0</subfield>
    <subfield code="o">DT515.83.D234 A3</subfield>
    <subfield code="p">5106628</subfield>
    <subfield code="r">2025-07-31 13:51:11</subfield>
    <subfield code="w">2025-07-31</subfield>
    <subfield code="y">BK</subfield>
  </datafield>
  <datafield tag="952" ind1=" " ind2=" ">
    <subfield code="0">0</subfield>
    <subfield code="1">0</subfield>
    <subfield code="2">lcc</subfield>
    <subfield code="4">0</subfield>
    <subfield code="7">0</subfield>
    <subfield code="a">KAD</subfield>
    <subfield code="b">MAIN</subfield>
    <subfield code="d">2025-07-31</subfield>
    <subfield code="i">5106625</subfield>
    <subfield code="l">0</subfield>
    <subfield code="o">DT515.83.D234 A3</subfield>
    <subfield code="p">5106625</subfield>
    <subfield code="r">2025-07-31 13:52:04</subfield>
    <subfield code="w">2025-07-31</subfield>
    <subfield code="y">BK</subfield>
  </datafield>
  <datafield tag="952" ind1=" " ind2=" ">
    <subfield code="0">0</subfield>
    <subfield code="1">0</subfield>
    <subfield code="2">lcc</subfield>
    <subfield code="4">0</subfield>
    <subfield code="7">0</subfield>
    <subfield code="a">KAN</subfield>
    <subfield code="b">MAIN</subfield>
    <subfield code="d">2025-07-31</subfield>
    <subfield code="i">5106618</subfield>
    <subfield code="l">0</subfield>
    <subfield code="o">DT515.83.D234 A3</subfield>
    <subfield code="p">5106618</subfield>
    <subfield code="r">2025-07-31 13:59:54</subfield>
    <subfield code="w">2025-07-31</subfield>
    <subfield code="y">BK</subfield>
  </datafield>
  <datafield tag="952" ind1=" " ind2=" ">
    <subfield code="0">0</subfield>
    <subfield code="1">0</subfield>
    <subfield code="2">lcc</subfield>
    <subfield code="4">0</subfield>
    <subfield code="7">0</subfield>
    <subfield code="a">KAT</subfield>
    <subfield code="b">MAIN</subfield>
    <subfield code="d">2025-07-31</subfield>
    <subfield code="i">5106633</subfield>
    <subfield code="l">0</subfield>
    <subfield code="o">DT515.83.D234 A3</subfield>
    <subfield code="p">5106633</subfield>
    <subfield code="r">2025-07-31 14:00:59</subfield>
    <subfield code="w">2025-07-31</subfield>
    <subfield code="y">BK</subfield>
  </datafield>
  <datafield tag="952" ind1=" " ind2=" ">
    <subfield code="0">0</subfield>
    <subfield code="1">0</subfield>
    <subfield code="2">lcc</subfield>
    <subfield code="4">0</subfield>
    <subfield code="7">0</subfield>
    <subfield code="a">UYO</subfield>
    <subfield code="b">MAIN</subfield>
    <subfield code="d">2025-07-31</subfield>
    <subfield code="i">5106632</subfield>
    <subfield code="l">0</subfield>
    <subfield code="o">DT515.83.D234 A3</subfield>
    <subfield code="p">5106632</subfield>
    <subfield code="r">2025-07-31 14:01:54</subfield>
    <subfield code="w">2025-07-31</subfield>
    <subfield code="y">BK</subfield>
  </datafield>
  <datafield tag="952" ind1=" " ind2=" ">
    <subfield code="0">0</subfield>
    <subfield code="1">0</subfield>
    <subfield code="2">lcc</subfield>
    <subfield code="4">0</subfield>
    <subfield code="7">0</subfield>
    <subfield code="a">KEB</subfield>
    <subfield code="b">MAIN</subfield>
    <subfield code="d">2025-07-31</subfield>
    <subfield code="i">5106621</subfield>
    <subfield code="l">0</subfield>
    <subfield code="o">DT515.83.D234 A3</subfield>
    <subfield code="p">5106621</subfield>
    <subfield code="r">2025-07-31 14:05:19</subfield>
    <subfield code="w">2025-07-31</subfield>
    <subfield code="y">BK</subfield>
  </datafield>
  <datafield tag="952" ind1=" " ind2=" ">
    <subfield code="0">0</subfield>
    <subfield code="1">0</subfield>
    <subfield code="2">lcc</subfield>
    <subfield code="4">0</subfield>
    <subfield code="7">0</subfield>
    <subfield code="a">LAF</subfield>
    <subfield code="b">MAIN</subfield>
    <subfield code="d">2025-07-31</subfield>
    <subfield code="i">5106608</subfield>
    <subfield code="l">0</subfield>
    <subfield code="o">DT515.83.D234 A3</subfield>
    <subfield code="p">5106608</subfield>
    <subfield code="r">2025-07-31 14:06:09</subfield>
    <subfield code="w">2025-07-31</subfield>
    <subfield code="y">BK</subfield>
  </datafield>
  <datafield tag="952" ind1=" " ind2=" ">
    <subfield code="0">0</subfield>
    <subfield code="1">0</subfield>
    <subfield code="2">lcc</subfield>
    <subfield code="4">0</subfield>
    <subfield code="7">0</subfield>
    <subfield code="a">LAG</subfield>
    <subfield code="b">MAIN</subfield>
    <subfield code="d">2025-07-31</subfield>
    <subfield code="i">5106616</subfield>
    <subfield code="l">0</subfield>
    <subfield code="o">DT515.83.D234 A3</subfield>
    <subfield code="p">5106616</subfield>
    <subfield code="r">2025-07-31 14:07:10</subfield>
    <subfield code="w">2025-07-31</subfield>
    <subfield code="y">BK</subfield>
  </datafield>
  <datafield tag="952" ind1=" " ind2=" ">
    <subfield code="0">0</subfield>
    <subfield code="1">0</subfield>
    <subfield code="2">lcc</subfield>
    <subfield code="4">0</subfield>
    <subfield code="7">0</subfield>
    <subfield code="a">LOK</subfield>
    <subfield code="b">MAIN</subfield>
    <subfield code="d">2025-07-31</subfield>
    <subfield code="i">5106635</subfield>
    <subfield code="l">0</subfield>
    <subfield code="o">DT515.83.D234 A3</subfield>
    <subfield code="p">5106635</subfield>
    <subfield code="r">2025-07-31 14:08:50</subfield>
    <subfield code="w">2025-07-31</subfield>
    <subfield code="y">BK</subfield>
  </datafield>
  <datafield tag="952" ind1=" " ind2=" ">
    <subfield code="0">0</subfield>
    <subfield code="1">0</subfield>
    <subfield code="2">lcc</subfield>
    <subfield code="4">0</subfield>
    <subfield code="7">0</subfield>
    <subfield code="a">MAI</subfield>
    <subfield code="b">MAIN</subfield>
    <subfield code="d">2025-07-31</subfield>
    <subfield code="i">5106626</subfield>
    <subfield code="l">0</subfield>
    <subfield code="o">DT515.83.D234 A3</subfield>
    <subfield code="p">5106626</subfield>
    <subfield code="r">2025-07-31 14:10:01</subfield>
    <subfield code="w">2025-07-31</subfield>
    <subfield code="y">BK</subfield>
  </datafield>
  <datafield tag="952" ind1=" " ind2=" ">
    <subfield code="0">0</subfield>
    <subfield code="1">0</subfield>
    <subfield code="2">lcc</subfield>
    <subfield code="4">0</subfield>
    <subfield code="7">0</subfield>
    <subfield code="a">MIN</subfield>
    <subfield code="b">MAIN</subfield>
    <subfield code="d">2025-07-31</subfield>
    <subfield code="i">5106638</subfield>
    <subfield code="l">0</subfield>
    <subfield code="o">DT515.83.D234 A3</subfield>
    <subfield code="p">5106638</subfield>
    <subfield code="r">2025-07-31 14:11:22</subfield>
    <subfield code="w">2025-07-31</subfield>
    <subfield code="y">BK</subfield>
  </datafield>
  <datafield tag="952" ind1=" " ind2=" ">
    <subfield code="0">0</subfield>
    <subfield code="1">0</subfield>
    <subfield code="2">lcc</subfield>
    <subfield code="4">0</subfield>
    <subfield code="7">0</subfield>
    <subfield code="a">OSO</subfield>
    <subfield code="b">MAIN</subfield>
    <subfield code="d">2025-07-31</subfield>
    <subfield code="i">5106630</subfield>
    <subfield code="l">0</subfield>
    <subfield code="o">DT515.83.D234 A3</subfield>
    <subfield code="p">5106630</subfield>
    <subfield code="r">2025-07-31 14:12:32</subfield>
    <subfield code="w">2025-07-31</subfield>
    <subfield code="y">BK</subfield>
  </datafield>
  <datafield tag="952" ind1=" " ind2=" ">
    <subfield code="0">0</subfield>
    <subfield code="1">0</subfield>
    <subfield code="2">lcc</subfield>
    <subfield code="4">0</subfield>
    <subfield code="7">0</subfield>
    <subfield code="a">OWE</subfield>
    <subfield code="b">MAIN</subfield>
    <subfield code="d">2025-07-31</subfield>
    <subfield code="i">5106639</subfield>
    <subfield code="l">0</subfield>
    <subfield code="o">DT515.83.D234 A3</subfield>
    <subfield code="p">5106639</subfield>
    <subfield code="r">2025-07-31 14:14:13</subfield>
    <subfield code="w">2025-07-31</subfield>
    <subfield code="y">BK</subfield>
  </datafield>
  <datafield tag="952" ind1=" " ind2=" ">
    <subfield code="0">0</subfield>
    <subfield code="1">0</subfield>
    <subfield code="2">lcc</subfield>
    <subfield code="4">0</subfield>
    <subfield code="7">0</subfield>
    <subfield code="a">PH</subfield>
    <subfield code="b">MAIN</subfield>
    <subfield code="d">2025-07-31</subfield>
    <subfield code="i">5106609</subfield>
    <subfield code="l">0</subfield>
    <subfield code="o">DT515.83.D234 A3</subfield>
    <subfield code="p">5106609</subfield>
    <subfield code="r">2025-07-31 14:33:00</subfield>
    <subfield code="w">2025-07-31</subfield>
    <subfield code="y">BK</subfield>
  </datafield>
  <datafield tag="952" ind1=" " ind2=" ">
    <subfield code="0">0</subfield>
    <subfield code="1">0</subfield>
    <subfield code="2">lcc</subfield>
    <subfield code="4">0</subfield>
    <subfield code="7">0</subfield>
    <subfield code="a">SOK</subfield>
    <subfield code="b">MAIN</subfield>
    <subfield code="d">2025-07-31</subfield>
    <subfield code="i">5106606</subfield>
    <subfield code="l">0</subfield>
    <subfield code="o">DT515.83.D234 A3</subfield>
    <subfield code="p">5106606</subfield>
    <subfield code="r">2025-07-31 14:35:17</subfield>
    <subfield code="w">2025-07-31</subfield>
    <subfield code="y">BK</subfield>
  </datafield>
  <datafield tag="952" ind1=" " ind2=" ">
    <subfield code="0">0</subfield>
    <subfield code="1">0</subfield>
    <subfield code="2">lcc</subfield>
    <subfield code="4">0</subfield>
    <subfield code="7">0</subfield>
    <subfield code="a">YEN</subfield>
    <subfield code="b">MAIN</subfield>
    <subfield code="d">2025-07-31</subfield>
    <subfield code="i">5106623</subfield>
    <subfield code="l">0</subfield>
    <subfield code="o">DT515.83.D234 A3</subfield>
    <subfield code="p">5106623</subfield>
    <subfield code="r">2025-07-31 14:36:03</subfield>
    <subfield code="w">2025-07-31</subfield>
    <subfield code="y">BK</subfield>
  </datafield>
</record>
